sanat - maasta taivaaseen - pehmoaino - Statistics

General Stats
  • This quiz has been taken 64 times
  • The average score is 162 of 231
Answer Stats
Hint Answer % Correct
toivo
100%
toivon
98%
kertsi
93%
sul
90%
ja
88%
88%
sulle
88%
et
85%
sen
85%
että
83%
harhaan
83%
jotka
83%
oppimista
83%
osa
83%
polkuja
83%
ihmisiä
80%
johtaa
80%
kasvamista
80%
kodilta
80%
lisää
80%
sut
80%
tuntua
80%
tuntuu
80%
turvan
80%
ei
78%
hyvää
78%
joist
78%
maasta
78%
ne
78%
pahaa
78%
susta
78%
tai
78%
taivaaseen
78%
vaikka
78%
luottaa
76%
sinne
76%
vaan
76%
aina
73%
en
73%
hetkellistä
73%
joku
73%
lähtis
73%
pois
73%
sanoa
73%
tulevaan
73%
haluu
71%
huolta
71%
kaikenlaista
71%
lähdit
71%
mistä
71%
myös
71%
myrskyä
71%
sadetta
71%
toista
71%
juuri
68%
pääset
68%
pelkkää
68%
voit
68%
yhtä
68%
paikan
66%
siihen
66%
sun
66%
suojaan
66%
on
63%
palauttaa
63%
sitten
63%
ihmiset
61%
kohtaa
61%
niin
61%
olla
61%
takas
61%
ympärillä
61%
niitä
59%
oot
59%
tullen
59%
löydät
56%
niinku
56%
risteyksiä
56%
ymmärrä
56%
jonne
54%
jos
54%
miettimään
54%
muista
54%
se
54%
sydämen
54%
ymmärrystä
54%
kädestä
51%
kuinka
51%
laittaa
51%
mikä
51%
mitä
51%
oman
51%
tärkeää
51%
vaikeen
51%
kohtaan
49%
kuka
49%
ottaa
49%
päätöksiin
49%
tahtoo
49%
itsestä
46%
jota
46%
löytää
46%
paitsi
46%
silloin
46%
tuhoa
46%
viha
46%
haluat
44%
huojentavii
44%
kaikille
44%
muiden
44%
ois
44%
patoaminen
44%
sijan
44%
tuhoaa
44%
vikoi
44%
ankara
41%
keskellä
41%
kuljet
41%
maailma
41%
paikoin
41%
pysyt
41%
sanoja
41%
avoinna
39%
horjut
39%
kaatuilet
39%
missä
39%
silti
39%
koittaisit
37%
tiedät
37%
koska
34%
No matching quizzes found
Score Distribution
Percent of People with Each Score
Percentile by Number Answered
Your Score History
You have not taken this quiz